| 000 | 00578nam a22001937a 4500 | ||
|---|---|---|---|
| 999 |
_c182664 _d182664 |
||
| 005 | 20211209140849.0 | ||
| 010 | _aENG-130150 | ||
| 020 |
_a978-93-89253-14-6 _c299.00 |
||
| 035 | _aEN-113682 | ||
| 037 | _bDBAD/PUB | ||
| 082 | _a158 | ||
| 100 | _aAcharya, Venugopal. | ||
| 245 |
_aMIND YOUR MIND: _cVenugopal Acharya |
||
| 250 | _a2020 | ||
| 260 |
_aGurugram _bHachette Book Publishing India Pvt. Ltd _c2020 |
||
| 270 |
_a4th & 5th Floors, Corporate Centre _bGurugram |
||
| 300 |
_axi,250p. _c20cm (pbk) _bAcknowledgements |
||
| 942 |
_2ddc _cEN _h158 _mVEN |
||